Intermediate trigonometry (Record no. 5798)

MARC details
000 -LEADER
fixed length control field 00548cam a2200217ua 4500
001 - CONTROL NUMBER
control field 6654
005 - DATE AND TIME OF LATEST TRANSACTION
control field 20260515114101.0
008 - FIXED-LENGTH DATA ELEMENTS--GENERAL INFORMATION
fixed length control field 140308n ii |||gr||||Z||||||eng
020 ## - INTERNATIONAL STANDARD BOOK NUMBER
International Standard Book Number 81-85624-85-2
040 ## - CATALOGING SOURCE
Transcribing agency MAIN
082 ## - DEWEY DECIMAL CLASSIFICATION NUMBER
Classification number 516.24
245 ## - TITLE STATEMENT
Title Intermediate trigonometry
Statement of responsibility, etc. By B.C. Das
250 ## - EDITION STATEMENT
Edition statement 44th ed.
260 ## - PUBLICATION, DISTRIBUTION, ETC.
Place of publication, distribution, etc. Calcutta:
Name of publisher, distributor, etc. U.N. Dhur & sons private limited,
Date of publication, distribution, etc. 1999.
300 ## - PHYSICAL DESCRIPTION
Extent xvi,296p.
653 ## - INDEX TERM--UNCONTROLLED
Uncontrolled term Geometry
653 ## - INDEX TERM--UNCONTROLLED
Uncontrolled term Trigonometry
700 ## - ADDED ENTRY--PERSONAL NAME
Personal name Das,B.C.,
Relator term Author.,
700 ## - ADDED ENTRY--PERSONAL NAME
Personal name Mukherjee,B.N.,
Relator term Author.
942 ## - ADDED ENTRY ELEMENTS (KOHA)
Koha item type Books
Holdings
Withdrawn status Lost status Damaged status Not for loan Home library Current library Shelving location Date acquired Total checkouts Full call number Barcode Date last seen Copy number Price effective from Koha item type
        Naharkatiya College Library Naharkatiya College Library General stacks 09/19/2020   516.24 | DAS 16579 09/19/2020 1 09/19/2020 Books